000 00800nam a22002297a 4500
005 20130527151332.0
008 080826t xxu||||| |||| 00| 0 eng d
010 _aB-506590-591
020 _a9788131784815
_c260.00
035 _aB-506590-591
037 _aKKP/Ven
040 _aDPL
_bEnglish
082 _a000
245 _aReasoning for the CWE-clerical cadre/
246 _aCWE-clerical cadre
260 _aDelhi
_bPearson Education
_c2013
270 _a7th Floor, Knowledge Boulevard, A-8(A), Sec-62
_bNoida
_e201309
300 _aVarious pages
_c23 cm (pbk)
500 _a.
942 _2ddc
_cEN
_mREA
_h000
999 _c76070
_d76070